Menú para 60 días / (Registro nro. 21797)
[ vista simple ]
| 000 -CABECERA | |
|---|---|
| campo de control de longitud fija | 00590nam a2200217 a 4500 |
| 001 - NÚMERO DE CONTROL | |
| campo de control | 000022299 |
| 003 - IDENTIFICADOR DEL NÚMERO DE CONTROL | |
| campo de control | DO-SdBNP |
| 005 - FECHA Y HORA DE LA ÚLTIMA TRANSACCIÓN | |
| campo de control | 20230203074710.0 |
| 007 - CAMPO FIJO DE DESCRIPCIÓN FÍSICA--INFORMACIÓN GENERAL | |
| campo de control de longitud fija | ta |
| 008 - DATOS DE LONGITUD FIJA--INFORMACIÓN GENERAL | |
| campo de control de longitud fija | 100922s2004 dr a 001 0 spa d |
| 040 ## - FUENTE DE LA CATALOGACIÓN | |
| Centro catalogador/agencia de origen | DO-SdBNP |
| Lengua de catalogación | spa |
| Centro/agencia transcriptor | BNPHU |
| 082 ## - NÚMERO DE LA CLASIFICACIÓN DECIMAL DEWEY | |
| Número de clasificación | xxxx |
| Número de documento/Ítem | N925 |
| Número de edición | 22 |
| 100 1# - ENTRADA PRINCIPAL--NOMBRE DE PERSONA | |
| Nombre de persona | Nouel, Carmen |
| 9 (RLIN) | 46061 |
| 245 10 - MENCIÓN DE TÍTULO | |
| Título | Menú para 60 días / |
| Mención de responsabilidad, etc. | Carmen Nouel. |
| 246 13 - FORMA VARIANTE DE TÍTULO | |
| Título propio/Titulo breve | Menú para sesenta días |
| 260 ## - PUBLICACIÓN, DISTRIBUCIÓN, ETC. | |
| Lugar de publicación, distribución, etc. | Santo Domingo : |
| Nombre del editor, distribuidor, etc. | Instituto Técnico Salesiano (ITESA). |
| 300 ## - DESCRIPCIÓN FÍSICA | |
| Extensión | 158 p. : |
| Otras características físicas | il. ; |
| Dimensiones | 22 cm. |
| 590 ## - NOTA LOCAL (RLIN) | |
| Nota local | Inventariado, 2023 / DG |
| 910 ## - DATOS DE OPCIÓN DEL USUARIO (OCLC) | |
| Datos de opción del usuario | DG |
| 942 ## - ELEMENTOS DE PUNTO DE ACCESO ADICIONAL (KOHA) | |
| Fuente del sistema de clasificación o colocación | Dewey Decimal Classification |
| Tipo de ítem Koha | Libro |
| Estado de retiro | Estado de pérdida | No para préstamo | Código de colección | Localización permanente | Ubicación/localización actual | Ubicación en estantería | Fecha de adquisición | Número de inventario | Total de préstamos | Signatura topográfica completa | Código de barras | Fecha visto por última vez | Precio válido a partir de | Tipo de ítem Koha | Fuente del sistema de clasificación o colocación | Restricciones de uso | Número de copia |
|---|---|---|---|---|---|---|---|---|---|---|---|---|---|---|---|---|---|
| Dominicana de Servicio | Biblioteca Nacional Pedro Henríquez Ureña | Biblioteca Nacional Pedro Henríquez Ureña | En catalogación | 03.02.2023 | xxxx N925 | 2023-0589 | 03.02.2023 | 03.02.2023 | Libro | Dewey Decimal Classification | Préstamo en sala | e.3 | |||||
| Excluido de préstamo | Patrimonio Dominicano | Patrimonio Dominicano | Patrimonio Dominicano | En catalogación | 22.09.2010 | LF1 | xxxx | 22299-10 | 25.06.2020 | 25.06.2020 | Libro y Folleto Colección Patrimonio Dominicano | ||||||
| Patrimonio Dominicano | Patrimonio Dominicano | Patrimonio Dominicano | Orden iniciada | 22.09.2010 | LF1 | xxxx | 22300-10 | 25.06.2020 | 25.06.2020 | Libro y Folleto Colección Patrimonio Dominicano |
